Azië - Hoofdsteden op basis van vlaggen - Statistieken

Algemene statistieken
  • Deze quiz is 15 keer genomen
    14 sinds de laatste reset
  • De gemiddelde score is 28 van 48
Antwoordstatistieken
Foto Antwoord % Correct
Bakoe
80%
Bangkok
80%
Beiroet
80%
Dhaka
80%
Jakarta
80%
Jeruzalem
80%
Manama
80%
Nicosia
80%
Singapore
80%
Taipei
80%
Teheran
80%
Thimphu
80%
Tokio | Tokyo
80%
Ankara
60%
Astana
60%
Bagdad
60%
Damascus
60%
Dili
60%
Doha
60%
Hanoi
60%
Islamabad
60%
Kabul
60%
Kathmandu
60%
Koeweit
60%
Kuala Lumpur
60%
New Delhi
60%
Peking | Beijing
60%
Pyongyang
60%
Riyad
60%
Seoel | Seoul
60%
Tasjkent
60%
Tbilisi
60%
Ulaanbaatar
60%
Vientiane
60%
Abu Dhabi
40%
Amman
40%
Asjchabad
40%
Bandar Seri Begawan
40%
Bisjkek
40%
Doesjanbe
40%
Jerevan
40%
Malé
40%
Manilla
40%
Muscat
40%
Naypyidaw
40%
Phnom Penh
40%
Sanaa
40%
Sri Jayewardenapura Kotte
20%
Geen overeenkomende quizzen gevonden
Scoreverdeling
Procent van Mensen met Elke Score
Percentiel versus Aantal Correcte Antwoorden
Uw Scoregeschiedenis
U heeft deze quiz nog niet genomen sinds de laatste reset